Dân ca các dân tộc thiểu số Việt Nam Dân ca lao động
Giới thiệu các làn điệu dân ca lao động của các dân tộc thiểu số Việt Nam như: dân ca về chăn nuôi, săn bắn, lao động sản xuất, trồng cấy, làm vườn, bài ca nông lịch..
محفوظ في:
| المؤلف الرئيسي: | |
|---|---|
| مؤلفون آخرون: | |
| التنسيق: | كتاب |
| اللغة: | Vietnamese |
| منشور في: |
H.
Khoa học xã hội
2015
|
| الموضوعات: | |
| الوسوم: |
إضافة وسم
لا توجد وسوم, كن أول من يضع وسما على هذه التسجيلة!
|
| Thư viện lưu trữ: | Mạng thư viện Đại học Đà Nẵng |
|---|
| LEADER | 01825aam a22004098a 4500 | ||
|---|---|---|---|
| 001 | 000023543 | ||
| 003 | 19996 | ||
| 005 | 20160105080119.0 | ||
| 008 | 160105s2015 viesd | ||
| 020 | |d 2000b | ||
| 041 | 0 | |a vie | |
| 082 | 0 | 4 | |2 23 |a 398.809597 |b TR-A |
| 100 | 1 | |a Trần Thị An | |
| 245 | 1 | 0 | |a Dân ca các dân tộc thiểu số Việt Nam |b Dân ca lao động |c B.s.: Trần Thị An (ch.b.), Vũ Quang Dũng |
| 260 | |a H. |b Khoa học xã hội |c 2015 | ||
| 300 | |a 279 tr. |c 21 cm | ||
| 500 | |a ĐTTS ghi: Hội Văn nghệ dân gian Việt Nam | ||
| 520 | |a Giới thiệu các làn điệu dân ca lao động của các dân tộc thiểu số Việt Nam như: dân ca về chăn nuôi, săn bắn, lao động sản xuất, trồng cấy, làm vườn, bài ca nông lịch.. | ||
| 650 | 0 | 4 | |2 Bỏằ TK TVQG |a Văn học dân gian |x Dân tộc thiểu số |z Việt Nam |
| 650 | 7 | |2 Bỏằ TK TVQG | |
| 651 | 7 | |2 Bỏằ TK TVQG |a Viỏằt Nam | |
| 653 | |a Văn học dân gian | ||
| 653 | |a Dân ca | ||
| 655 | 7 | |2 Bỏằ TK TVQG |a DÃÂn ca | |
| 700 | 1 | |a Vũ Quang Dũng |e b.s. | |
| OWN | |a LSP | ||
| AVA | |a UDN50 |b LNN |d 398.809597 TR-A |e available |t Error 5001 Not defined in file expand_doc_bib_avail. |f 1 |g 0 |h N |i 0 | ||
| AVA | |a UDN50 |b LSP |d 398.809597 TR-A |e available |t Error 5001 Not defined in file expand_doc_bib_avail. |f 1 |g 0 |h N |i 0 |k 1 | ||
| 999 | |a From the UDN01 | ||
| AVA | |a UDN50 |b LNN |d 398.809597 TR-A |e available |t Error 5001 Not defined in file expand_doc_bib_avail. |f 1 |g 0 |h N |i 0 | ||
| AVA | |a UDN50 |b LSP |d 398.809597 TR-A |e available |t Error 5001 Not defined in file expand_doc_bib_avail. |f 1 |g 0 |h N |i 0 |k 1 | ||
| TYP | |a Monograph | ||
| TYP | |a Printed language | ||
| 980 | |a Mạng thư viện Đại học Đà Nẵng | ||